Számviteli alapelvek érvényesülése az OTP Bank Nyrt. 2015. évi éves beszámolójában

Bibliographic Details
Main Author: Palánkai József Attila
Other Authors: Volterné Csák Dr. Bernadett
Format: Thesis
Kulcsszavak:IFRS
US GAAP
Hitelintézet
Online Access:http://dolgozattar.uni-bge.hu/9142

MARC

LEADER 00000nta a2200000 i 4500
001 dolg9142
005 20161216130306.0
008 161216suuuu hu om 000 hun d
040 |a BGE Dolgozattár Repozitórium  |b hun 
041 |a hu 
100 1 |a Palánkai József Attila 
245 1 0 |a Számviteli alapelvek érvényesülése az OTP Bank Nyrt. 2015. évi éves beszámolójában  |c Palánkai József Attila  |h [elektronikus dokumentum] 
695 |a IFRS 
695 |a US GAAP 
695 |a Hitelintézet 
700 1 |a Volterné Csák Dr. Bernadett  |e ths 
856 4 0 |u http://dolgozattar.uni-bge.hu/9142/1/szakdolgozat-teljes-pdfhez.pdf  |z Dokumentum-elérés 
856 4 0 |u http://dolgozattar.uni-bge.hu/9142/7/titkosk%C3%A9r.pdf  |z Dokumentum-elérés